00709nam a2200241 a 4500001001300000003000900013005001700022008004100039020002300080082001600103100002000119245002100139260004400160300000900204500003500213505001500248650002300263700002000286902000800306942000700314952012900321999001700450nice12345678IN_TiNIC20260116014554.0050524s2003 lona grp 000 0 eng  a0195806 c79500a297.26bGOO aGoodman, Lenn E aIslamic Humanism aLondan bOxford University Press c2003 a273p aincludes index and biblioraphy2 aReferences aIslam and Humanism1 aGoodman, Lenn E bSRS cBK 001040708StackRoom-aHMIbHMId2013-05-21g795.00l1o297.26 GOOp020453r2018-10-24s2018-10-15v795.00w2005-05-24yBK c16025d16025